Statistics for Zambia Country Quiz

Click here to take the quiz!

General Stats

  • This quiz has been taken 18,102 times
    (18,036 since last reset)
  • The average score is 11 of 18

Answer Stats

HintAnswer% Correct
Bordering country whose name also starts with ZZimbabwe
98%
Official languageEnglish
95%
The largest country Zambia bordersD. R. Congo
93%
Major waterfalls shared with the above{Victoria} Falls
93%
Smallest country it bordersMalawi
89%
In 2014, Guy Scott became (briefly) the first ____ person to lead a sub-Saharan
African country since F. W. de Klerk in 1994
White
83%
River after which the country is namedZambezi
83%
Colonial name of ZambiaNorthern {Rhodesia}
80%
Capital cityLusaka
72%
Metal that forms the majority of Zambia's exportsCopper
68%
Scottish explorer who was the first European to see those fallsDavid Livingstone
55%
World's third-largest lake by volume which Zambia shares with three other countriesLake Tanganyika
53%
National bird that appears on the flagAfrican fish {eagle}
49%
Group of people who migrated to the area around 300 AD, displacing the
native Khoisan population
Bantu
37%
By volume, Lake Kariba is the largest _____ lake in the worldManmade
30%
Currency of ZambiaKwacha
26%
Dictator of Zambia from 1964–1991, he passed away in 2021, aged 97Kenneth {Kaunda}
25%
Name one of Zambia's five most-spoken native languagesBemba | Nyanja |
Tonga | Lozi | Chewa
22%

Score Distribution

Percentile by Number Answered

Percent of People with Each Score

Your Score History

You have not taken this quiz since the last reset